|
|
|
|
| LEADER |
00806cam a2200253 7i4500 |
| 001 |
0000025123 |
| 005 |
20170218090000.0 |
| 008 |
090402 eng |
| 020 |
|
|
|a 9780324314632
|
| 020 |
|
|
|a 0324314639
|
| 040 |
|
|
|a DLC
|
| 090 |
0 |
0 |
|a HF5549
|b .C465 2007
|
| 100 |
1 |
|
|a Bohlander, George
|
| 245 |
1 |
0 |
|a Managing human resources
|c George Bohlander, Scott Snell.
|
| 250 |
|
|
|a 14th ed.
|
| 260 |
|
|
|a Mason, OH:
|b Thomson,
|c 2007.
|
| 300 |
|
|
|a xxxi, 783 p.:
|b ill., col.;
|c 26 cm.
|
| 500 |
|
|
|a Includes index
|
| 650 |
0 |
0 |
|a UNISEL Graduate School of Management, Program
|
| 650 |
0 |
0 |
|a Personnel management
|
| 700 |
1 |
|
|a Snell, Scott
|
| 997 |
|
|
|a Business & Accountancy, Faculty
|
| 998 |
|
|
|a Human Resource Management, Degree
|
| 999 |
|
|
|a 0000025163
|b BOK
|c OPEN SHELF
|e 1st Floor, Shah Alam
|